Every Character Mentioned In Narnia-The Voyage Of The Dawn Treader - Statistics

General Stats
  • This quiz has been taken 7 times
  • The average score is 17 of 35
Answer Stats
Times Mentioned Answer % Correct
240 Caspian
100%
138 Edmund Pevensie
100%
137 Eustace Clarence Scrubb
100%
229 Lucy Pevensie
100%
51 Aslan
86%
96 Drinian
86%
6 Peter Pevensie
71%
19 Ramandu
71%
12 Susan Pevensie
71%
27 Bern
57%
102 Reepicheep
57%
17 Rhoop
57%
1 Adam
43%
5 Argoz
43%
3 Coriakin
43%
14 Gumpas
43%
5 Mavramorn
43%
5 Miraz
43%
10 Octesian
43%
3 Restimar
43%
4 Revilian
43%
7 Alberta Scrubb
29%
3 Harold Scrubb
29%
1 Jadis the White Witch
29%
1 Pittencream
29%
19 Pug
29%
15 Rhince
29%
14 Rynelf
29%
6 Trumpkin
29%
4 Anne Featherstone
14%
1 Cornelius
14%
1 Digory Kirke
14%
3 Majorie Preston
14%
1 Peepiceek
14%
1 Trufflehunter
14%
No matching quizzes found
Score Distribution
Percent of People with Each Score
Percentile by Number Answered
Your Score History
You have not taken this quiz